MARC details
| 000 -LEADER |
| fixed length control field |
01380cam a2200433 a 4500 |
| 001 - CONTROL NUMBER |
| control field |
33820167 |
| 003 - CONTROL NUMBER IDENTIFIER |
| control field |
OCoLC |
| 005 - DATE AND TIME OF LATEST TRANSACTION |
| control field |
20170614172649.0 |
| 008 - FIXED-LENGTH DATA ELEMENTS--GENERAL INFORMATION |
| fixed length control field |
951109s1996 caua j 000 1 spa |
| 010 ## - LIBRARY OF CONGRESS CONTROL NUMBER |
| LC control number |
95047123 |
| 020 ## - INTERNATIONAL STANDARD BOOK NUMBER |
| International Standard Book Number |
0152013423 (pbk.) |
| 020 ## - INTERNATIONAL STANDARD BOOK NUMBER |
| International Standard Book Number |
9780152013424 (pbk.) |
| 035 ## - SYSTEM CONTROL NUMBER |
| System control number |
332415 |
| 040 ## - CATALOGING SOURCE |
| Original cataloging agency |
DLC |
| Transcribing agency |
DLC |
| Modifying agency |
SX@ |
| 041 1# - LANGUAGE CODE |
| Language code of text/sound track or separate title |
spa |
| Language code of original |
eng |
| 042 ## - AUTHENTICATION CODE |
| Authentication code |
lcac |
| 043 ## - GEOGRAPHIC AREA CODE |
| Geographic area code |
nwbf--- |
| 049 ## - LOCAL HOLDINGS (OCLC) |
| Holding library |
SX@A |
| 082 00 - DEWEY DECIMAL CLASSIFICATION NUMBER |
| Classification number |
[Fic] |
| Edition number |
20 |
| 099 ## - LOCAL FREE-TEXT CALL NUMBER (OCLC) |
| Classification number |
Yolen, J. |
| 100 1# - MAIN ENTRY--PERSONAL NAME |
| Personal name |
Yolen, Jane. |
| 240 10 - UNIFORM TITLE |
| Uniform title |
<a href="Encounter.">Encounter.</a> |
| Language of a work |
Spanish. |
| 245 10 - TITLE STATEMENT |
| Title |
Encuentro / |
| Statement of responsibility, etc. |
escrito por Jane Yolen ; ilustrado por David Shannon ; traducido por Alma Flor Ada. |
| 250 ## - EDITION STATEMENT |
| Edition statement |
1st Libros viajeros ed. |
| 260 ## - PUBLICATION, DISTRIBUTION, ETC. (IMPRINT) |
| Place of publication, distribution, etc. |
San Diego : |
| Name of publisher, distributor, etc. |
Harcourt Brace & Co., |
| Date of publication, distribution, etc. |
1996. |
| 300 ## - PHYSICAL DESCRIPTION |
| Extent |
1 v. (unpaged) : |
| Other physical details |
col. ill. ; |
| Dimensions |
28 cm. |
| 500 ## - GENERAL NOTE |
| General note |
"Libros viajeros." |
| 520 ## - SUMMARY, ETC. |
| Summary, etc. |
A Taino Indian boy on the island of San Salvador recounts the landing of Columbus and his men in 1492. |
| 600 11 - SUBJECT ADDED ENTRY--PERSONAL NAME |
| Personal name |
Columbus, Christopher |
| Form subdivision |
Fiction. |
| 600 11 - SUBJECT ADDED ENTRY--PERSONAL NAME |
| Personal name |
Columbus, Christopher |
| Form subdivision |
Novela. |
| Source of heading or term |
bidex. |
| 650 #1 - SUBJECT ADDED ENTRY--TOPICAL TERM |
| Topical term or geographic name as entry element |
Taino Indians |
| Form subdivision |
Fiction. |
| 650 #7 - SUBJECT ADDED ENTRY--TOPICAL TERM |
| Topical term or geographic name as entry element |
Tainos |
| General subdivision |
Novela. |
| Source of heading or term |
bidex. |
| 650 #1 - SUBJECT ADDED ENTRY--TOPICAL TERM |
| Topical term or geographic name as entry element |
Indians of the West Indies |
| Form subdivision |
Fiction. |
| 650 #7 - SUBJECT ADDED ENTRY--TOPICAL TERM |
| Topical term or geographic name as entry element |
Indios de las Antillas |
| General subdivision |
Novela. |
| Source of heading or term |
bidex. |
| 650 #1 - SUBJECT ADDED ENTRY--TOPICAL TERM |
| Topical term or geographic name as entry element |
Spanish language materials. |
| 700 1# - ADDED ENTRY--PERSONAL NAME |
| Personal name |
Shannon, David, |
| Dates associated with a name |
1959- |
| 700 1# - ADDED ENTRY--PERSONAL NAME |
| Personal name |
Ada, Alma Flor. |
| 942 ## - ADDED ENTRY ELEMENTS (KOHA) |
| Koha item type |
Libro/Book |